| 000 | 00779nam a2200229Ii 4500 | ||
|---|---|---|---|
| 003 | JO-AjNU | ||
| 008 | 230605s9999||||xx |||||||||||||| ||und|| | ||
| 017 | _a2002/3/728 | ||
| 020 | _a9957-11-278-3 | ||
| 040 |
_aJO-AjNU _bara _erda _cJO-AjNU |
||
| 041 | _aara | ||
| 050 | 1 | 4 | _aHF5415.D8594.2009 |
| 100 | 3 |
_aالضمور،هاني حامد, _eauthor _933176 |
|
| 245 | 0 | 0 | _aادارة قنوات التوزيع |
| 250 | _aط4 | ||
| 264 | 3 | 1 | _aعمان:دار وائل للنشر والتوزيع؛2009 |
| 300 |
_a500ص _bيحتوي على ببلوغرافية من ص489-500ص |
||
| 336 |
_atext _btxt _2rdacontent |
||
| 337 |
_aunmediated _bn _2rdamedia |
||
| 338 |
_avolume _bnc _2rdacarrier |
||
| 650 | 4 |
_aالتسويق-التوزيع-ادارة المبيعات _933177 |
|
| 999 |
_aA13476 _c17044 _d17044 |
||